000 00782nam a2200217Ia 4500
003 GCL
008 140319s9999 xx 000 0 ara d
040 _aGCL /
_cGCL
082 0 4 _a350
_bى ن
100 1 _aيحيى السيد الصباحى
245 1 0 _aالنظام الرئاسى الامريكى والخلافة الاسلامية /
_cيحيى السيد الصباحى
260 _a[S.N] :
_bدار الفكر العربى ،
_c1993
300 _a604 ص
490 _a
650 0 4 _aالاسلام والمجتمع
650 0 4 _aالولايات المتحدة الامريكية
650 0 4 _aالاسلام والاصلاح الدينى
650 0 4 _aالاسلام والاصلاح السياسى
650 0 4 _aالعالم الاسلامى
942 _2ddc
_cBK
999 _c55729
_d55729